000 00392nam a2200133Ia 4500
008 220217s9999||||xx |||||||||||||| ||und||
020 _a978-81-224-2184-2
082 _a629.8 SIV
100 _aSivanagaraju, S and Devi, L
_96989
245 0 _aControle systems engineering
260 _aNew age international private, Ltd.
_bNew Delhi
_c2008
300 _b225
650 _aCONTROL SYSTEM
999 _c180213
_d180213